000 00326nam a22001217a 4500
999 _c3425
_d3425
005 20201201120730.0
008 201201b ||||| |||| 00| 0 eng d
020 _a0340859687
040 _cCML
245 _aIslam.
_cMaqsood R.W.
260 _aUK
_bHdder Arnold
_c1994
942 _2ddc
_cBK
_e1st Edition
_h276
_mMUG